Zmena správania spotrebiteľov počas hospodárskej krízy a jej vplyv na eMarketing a eBusiness

Na minha lista:
Detalhes bibliográficos
Autor principal: Nastišin, Ľudovít
Outros Autores: Dorčák, Peter, 1979-
Formato: Capítulo de Livro
Idioma:eslovaco
Tags: Adicionar Tag
Sem tags, seja o primeiro a adicionar uma tag!

MARC

LEADER 00000nla a2200000 4500
001 0226850
005 20240502073734.9
041 0 |a slo 
044 |a SK 
245 1 0 |a Zmena správania spotrebiteľov počas hospodárskej krízy a jej vplyv na eMarketing a eBusiness  |c Ľudovít Nastišin, Peter Dorčák 
500 |a Abstrakt 
100 1 |a Nastišin, Ľudovít 
700 1 |a Dorčák, Peter, 1979-